ARC Raiders: All Enemies by Picture - Statistics

General Stats
  • This quiz has been taken 248 times
  • The average score is 14 of 19
Answer Stats
Picture Hint Answer % Correct
Hornet
86%
Leaper
86%
Wasp
86%
Bastion
83%
Rocketeer
83%
The Queen
79%
Snitch
78%
Shredder
76%
Tick
74%
Turret
74%
Fireball
73%
Matriarch
72%
Pop
71%
Sentinel
69%
Spotter
68%
Surveyor
67%
Bombardier
66%
(Non-interactable) The Emperor
65%
(Extinct. Only husks remain) Baron
58%
No matching quizzes found
Score Distribution
Percent of People with Each Score
Percentile by Number Answered
Your Score History
You have not taken this quiz